| 000 | 00554nam a22001697a 4500 | ||
|---|---|---|---|
| 005 | 20251108165803.0 | ||
| 008 | 250721s1997 xx 000 0 ara d | ||
| 082 | 1 | 4 | _aم/342.62/حمد |
| 100 | 1 | _aعكاشه، حمدي ياسين | |
| 245 | 1 | 0 |
_aالأحكام الإدارية في قضاء مجلس الدولة : _bإصدار الأحكام ... / |
| 264 | 1 |
_aالإسكندرية : _bمنشأة المعارف، _c1997. |
|
| 300 | _a1263ص | ||
| 650 | 1 | 7 | _aالقانون الإداري |
| 650 | 1 | 7 | _aمصر |
| 942 |
_2ddc _cREF |
||
| 999 |
_c31304 _d31304 |
||